<?xml version="1.0" encoding="UTF-8"?>
<record
    xmlns:xsi="http://www.w3.org/2001/XMLSchema-instance"
    xsi:schemaLocation="http://www.loc.gov/MARC21/slim http://www.loc.gov/standards/marcxml/schema/MARC21slim.xsd"
    xmlns="http://www.loc.gov/MARC21/slim">

  <leader>05999cam a2200313 i 4500</leader>
  <controlfield tag="001">a16417815</controlfield>
  <controlfield tag="003">SIRSI</controlfield>
  <controlfield tag="005">20250325141144.0</controlfield>
  <controlfield tag="008">150316s2015    enka     b    001 0 eng  </controlfield>
  <datafield tag="010" ind1=" " ind2=" ">
    <subfield code="a">  2015008794</subfield>
  </datafield>
  <datafield tag="020" ind1=" " ind2=" ">
    <subfield code="a">9780749470036</subfield>
    <subfield code="q">(paperback)</subfield>
  </datafield>
  <datafield tag="035" ind1=" " ind2=" ">
    <subfield code="a">HA10197578</subfield>
  </datafield>
  <datafield tag="035" ind1=" " ind2=" ">
    <subfield code="a">(OCoLC)905541715</subfield>
  </datafield>
  <datafield tag="040" ind1=" " ind2=" ">
    <subfield code="a">DLC</subfield>
    <subfield code="b">eng</subfield>
    <subfield code="e">rda</subfield>
    <subfield code="c">DLC</subfield>
    <subfield code="d">YDX</subfield>
    <subfield code="d">CDX</subfield>
    <subfield code="d">YDXCP</subfield>
    <subfield code="d">OCLCF</subfield>
    <subfield code="d">UtOrBLW</subfield>
  </datafield>
  <datafield tag="042" ind1=" " ind2=" ">
    <subfield code="a">pcc</subfield>
  </datafield>
  <datafield tag="049" ind1=" " ind2=" ">
    <subfield code="a">UPMM</subfield>
  </datafield>
  <datafield tag="050" ind1="0" ind2="0">
    <subfield code="a">HF5415.1255</subfield>
    <subfield code="b">.S392 2015</subfield>
  </datafield>
  <datafield tag="100" ind1=" " ind2=" ">
    <subfield code="a">Schaefer, Wolfgang,</subfield>
    <subfield code="9">25015</subfield>
  </datafield>
  <datafield tag="245" ind1="1" ind2="0">
    <subfield code="a">Rethinking prestige branding </subfield>
    <subfield code="b">: secrets of the Ueber-Brands </subfield>
    <subfield code="c">/ Wolfgang Schaefer and J.P. Kuehlwein.</subfield>
  </datafield>
  <datafield tag="264" ind1=" " ind2="1">
    <subfield code="a">London ;</subfield>
    <subfield code="a">Philadelphia :</subfield>
    <subfield code="b">Kogan Page,</subfield>
    <subfield code="c">2015.</subfield>
  </datafield>
  <datafield tag="300" ind1=" " ind2=" ">
    <subfield code="a">xiv, 254 pages :</subfield>
    <subfield code="b">color illustrations ;</subfield>
    <subfield code="c">24 cm</subfield>
  </datafield>
  <datafield tag="504" ind1=" " ind2=" ">
    <subfield code="a">Includes bibliographical references and index.</subfield>
  </datafield>
  <datafield tag="505" ind1="8" ind2=" ">
    <subfield code="a">Preface, or what do a red bull and a grey goose have in common? &#x2014; 
PART ONE Rethinking prestige branding &#x2014; 
The times they are a-changing &#x2014; Where's the magic? &#x2014; Culture, commerce &#x2014; unite! &#x2014; Capitalism, evolved &#x2014; Consumerism, re-rooted &#x2014; The limits of money &#x2014; The importance of knowledge &#x2014; The age of transparency &#x2014; One in a million &#x2014; Together apart
From marker to myth &#x2014; a brief history of branding &#x2014; Brand as quality guarantor &#x2014; Brand as badge &#x2014; Brand as building block &#x2014; Brand as medium &#x2014; Brand as myth &#x2014; 
A new kind of prestige &#x2014; or what we mean by Ueber-Brands &#x2014; Ueber-Brands: three key dimensions, one stellar position &#x2014; Ueber-Brands: an old term of new-found relevance &#x2014; 
PART TWO Seven secrets of Ueber-Brands &#x2014; It's practical &#x2014; but also conversational &#x2014; It's 'numerological' &#x2014; how else to explain there are seven? &#x2014; It's symmetrical &#x2014; with myth in the middle &#x2014; 
Principle 1: Mission incomparable &#x2014; the first rule is to make your own &#x2014; Apart. Ahead. Above. &#x2014; Mission route 1: Noblesse Oblige, or the price of greatness &#x2014; Our shift to a BoBo culture &#x2014; Mission route 2: Reinvention, the little brother of responsibility &#x2014; Quod licet jovi, non licet bovi &#x2014; Principle 1: The rules for a mission incomparable &#x2014; Ueber-Brand case study 1: Patagonia: The meaningful exploration of nature &#x2014; 
Principle 2: Longing versus belonging &#x2014; the challenge is both &#x2014; The power of the velvet rope &#x2014; Velvet roping 1: Reaching high to win up &#x2014; Designing an Ueber-Target &#x2014; Longing and belonging online &#x2014; Velvet roping 2: Laying low to stay up &#x2014; Principle 2: The rules of longing and belonging &#x2014; Ueber-Brand case study 2: Red Bull: Longing to have wings &#x2014; 
Principle 3: Un-selling &#x2014; the superiority of seduction &#x2014; Of pride and provocation &#x2014; How Ueber-Brands turn celebrity endorsements on their head &#x2014; Avert the overt &#x2014; It's an art &#x2014; Walk the talk &#x2014; Principle 3: The rules of 'Un-selling' &#x2014; Ueber-Brand case study 3: &#x2014; 75; sop: Un-selling beauty &#x2014; 
Principle 4: From myth to meaning &#x2014; the best way up is to go deep &#x2014; The power of storytelling &#x2014; Myths as Ueber-Stories &#x2014; Making myths: what to respect &#x2014; Seven steps to heaven &#x2014; Principle 4: The rules of 'from myth to meaning' &#x2014; Ueber-Brand case study 4: MINI &#x2014; longing to 'motor' &#x2014; 
Principle 5: Behold! &#x2014; the product as manifestation &#x2014; The product as essence &#x2014; Yuan Soap &#x2014; A story of 'essene' &#x2014; Make it a holy grail &#x2014; Inspiring the modern romantics &#x2014; Make it unmistakable &#x2014; Make it the centre of attention &#x2014; Principle 5: The rules to 'behold' &#x2014; Ueber-Brand case study 5: Nespresso: Coffee as crema de la cr&#xE8;me &#x2014; 
Principle 6: Living the dream &#x2014; the bubble shall never burst &#x2014; Nothing is as volatile as a dream &#x2014; Of gods and masters: the question of leadership &#x2014; Together apart &#x2014; The concept of ring-fencing &#x2014; Radiating inside out: it all starts with the culture &#x2014; The world according to you &#x2014; Principle 6: The rules of 'living the dream' &#x2014; Ueber-Brand case study 6: Living it like Brunello Cucinelli or the Freitag brothers &#x2014; 
Principle 7: Growth without end &#x2014; the ultimate balancing act &#x2014; Star power &#x2014; it's a matter of balance &#x2014; A different trajectory &#x2014; Grow with gravitas &#x2014; the ideal, but not always real &#x2014; Grow back &#x2014; the way of the rose as royal privilege &#x2014; Grow sideways &#x2014; the most popular alternative to drive profit &#x2014; Grow up &#x2014; the golden route to balance expansion &#x2014; Grow with passion &#x2014; the need to stick to your Ueber-Target &#x2014; Growing without showing &#x2014; the advantage of the web &#x2014; Principle 7: The rules to 'growth without end' &#x2014; Ueber-Brand case study 7: Herm&#xE8;s and his offspring &#x2014; 
Instead of a summary: 77+ questions &#x2014; Bibliography &#x2014; Index.</subfield>
  </datafield>
  <datafield tag="520" ind1=" " ind2=" ">
    <subfield code="a">What makes someone covet a Kelly bag? Why are Cirque Du Soleil or Grey Goose so successful despite breaking all the conventions of their categories? What does Gucci's approach to marketing have in common with Nespresso's? And why do some people pay a relative fortune for Renova toilet paper or Aesop detergent even though they hardly ever 'advertise' and seem to have none of the 'functional performance advantages' conventional marketers would seek to demonstrate? Prestige brand experts JP Kuehlwein and Wolfgang Schaefer have dedicated themselves to studying what drives the success of prestige brands. Rethinking Prestige Branding collects their insights.

Uncovering the secrets of why and how some brands are created more equal than others, Rethinking Prestige Branding includes over 100 case studies from Apple and Abercrombie &amp; Fitch to Tate Modern and Tesla. Rather than re-telling brand success stories or re-hashing long-standing marketing principles, it takes readers on a colourful journey behind the scenes of today's marketing pros. This book will fascinate marketing professional just as much as those who are simply curious as to how premium brands tick.</subfield>
    <subfield code="c">Provided by publisher.</subfield>
  </datafield>
  <datafield tag="650" ind1=" " ind2="0">
    <subfield code="a">Branding (Marketing)</subfield>
    <subfield code="9">6284</subfield>
  </datafield>
  <datafield tag="650" ind1=" " ind2="0">
    <subfield code="a">Brand name products</subfield>
    <subfield code="9">2371</subfield>
  </datafield>
  <datafield tag="700" ind1=" " ind2=" ">
    <subfield code="a">Kuehlwein, J. P.,</subfield>
    <subfield code="9">25016</subfield>
  </datafield>
  <datafield tag="942" ind1=" " ind2=" ">
    <subfield code="2">lcc</subfield>
  </datafield>
  <datafield tag="952" ind1=" " ind2=" ">
    <subfield code="0">0</subfield>
    <subfield code="1">0</subfield>
    <subfield code="2">lcc</subfield>
    <subfield code="4">0</subfield>
    <subfield code="7">0</subfield>
    <subfield code="a">TBS</subfield>
    <subfield code="b">TBS</subfield>
    <subfield code="d">2025-03-25</subfield>
    <subfield code="l">0</subfield>
    <subfield code="o">HF5415.1255 SCH</subfield>
    <subfield code="p">B05903</subfield>
    <subfield code="r">2025-03-25</subfield>
    <subfield code="t">1</subfield>
    <subfield code="w">2025-03-25</subfield>
    <subfield code="y">1</subfield>
  </datafield>
  <datafield tag="999" ind1=" " ind2=" ">
    <subfield code="c">4576</subfield>
    <subfield code="d">4576</subfield>
  </datafield>
</record>
